LDR 01024naa#a2200181#i#450# 001 RU\\bibl\110048 005 20260416170308.4 011 ## _a1994-4683 100 ## _a20240531b2024####ek#y0rusy0150####ca 102 ## _aRU 200 1# _aРеализация специфических координационных способностей спортсменов первого разряда в процессе совершенствования техники прыжка с шестом _eЖурнальная статья 210 1# _aМосква _cНациональный государственный Университет физической культуры, спорта и здоровья им. П.Ф. Лесгафта _d2024 215 ## _a4 с. 608 ## _aЖурнальная статья _2local 675 ## _aПрыжки с шестом. 796.431.4 _z 700 #1 _aЛопина _gНадежда Григорьевна 700 #1 _aСкуренок _gТатьяна Владимировна 856 4# _auchzapiski.lesgaft.spb.ru _u